| 000 | 00932nam a2200229 a 4500 | ||
|---|---|---|---|
| 001 | 000003863 | ||
| 005 | 20250211094043.0 | ||
| 008 | 090714s2000 dr ab 000 0 spa d | ||
| 020 | _a9993435155 | ||
| 040 |
_aDO-SdBNP _bspa _cBNPHU |
||
| 082 |
_a352.283 _bM516p |
||
| 100 | 1 |
_a Mejía-Ricart G., Tirso, _d1936-2021 _q(Mejía-Ricart Guzmán) _91569 |
|
| 245 | 1 | 0 |
_aProyectos de descentralización y participación en la República Dominicana / _cTirso Mejía- Ricart. |
| 260 |
_aSanto Domingo : _bCONARE, _c2000. |
||
| 300 |
_a147 p. : _bil., map. ; _c23 cm. |
||
| 500 | _aLa biblioteca posee un ejemplar autografíado por el autor. | ||
| 500 | _aIncluye datos biográficos del autor | ||
| 650 | 4 |
_aAdministración pública _zRepública Dominicana _93011 |
|
| 650 | 4 |
_aDescentralización administrativa _zRepública Dominicana _93012 |
|
| 710 | 1 | 2 |
_aRepública Dominicana. Consejo Nacional de Reforma del Estado _964396 |
| 049 | _aBNPD | ||
| 999 |
_c3685 _d3685 |
||